|
|
|
|
| LEADER |
00000nab a2200000 a 4500 |
| 001 |
vtls009002812 |
| 003 |
SK-MaSNL |
| 005 |
20260305011853.0 |
| 008 |
070627c2007 xo mr p 000 a0slo |
| 015 |
|
|
|a SNBRB2007/06
|
| 038 |
|
|
|a SVKPOCL
|
| 040 |
|
|
|a SVKPOCL
|b slo
|c SVKPO
|e AACR2
|
| 041 |
0 |
|
|a slo
|
| 044 |
|
|
|a xo
|c SK
|
| 080 |
|
|
|a 726.54:271.2-523.47
|2 2001
|
| 080 |
|
|
|a 271.2-523.47
|2 2001
|
| 080 |
|
|
|a 271.2-7
|2 2001
|
| 080 |
|
|
|a 281.93(437.6)
|2 2001
|
| 100 |
1 |
|
|a Novák, Ján
|4 aut
|9 5176
|
| 245 |
1 |
0 |
|a Posvätenie ikonostasu a vnútrajšku chrámu po ikonopise
|c Ján Novák
|
| 300 |
|
|
|b Fotogr.
|
| 610 |
2 |
7 |
|a Chrám Zosnutia Matky Božej (Výrava, Slovensko)
|2 svkpocl
|9 1588172
|
| 648 |
|
7 |
|a 29.10.2006
|2 svkpocl
|9 1212200
|
| 650 |
0 |
7 |
|a pravoslávne chrámy
|z Slovensko
|2 svkpocl
|9 1045523
|
| 650 |
0 |
7 |
|a náboženstvo
|2 svkpocl
|9 2023
|
| 650 |
0 |
7 |
|a ikonostasy
|x vysviacky
|2 svkpocl
|9 1588173
|
| 651 |
|
7 |
|a Výrava (Slovensko)
|2 svkpocl
|9 31839
|
| 651 |
|
7 |
|a Medzilaborce (Slovensko : okres)
|2 svkpocl
|9 29394
|
| 773 |
0 |
|
|t Odkaz sv. Cyrila a Metoda = Zapovit sv. Kyryla i Mefodija
|g Roč. LIII, č. 1 (2007), s. 26-28
|x 0139-9012
|
| 852 |
|
|
|a SVKPO
|b KIS3GCP
|
| 958 |
|
|
|a UK
|
| 958 |
|
|
|a NT
|
| 958 |
|
|
|a SK
|
| 958 |
|
|
|a RN
|
| 999 |
|
|
|c 3255075
|d 3257005
|